000 00627nam a2200217 a 4500
001 BRCA_797
005 20190320203144.0
008 060508s1984----sp-a---###---#000-0#spa-#
020 _a8434578069
041 _aspa
050 4 _aD23
_b.S25 5
_c1984
100 1 _aCruz Valdovinos, José Manuel
_d1943-
_92201
245 1 0 _aMaestros del arte
_cJosé Manuel Cruz Valdovinos.
260 _aBarcelona
_bSalvat
_c1984
300 _a64 p.
_bil. (algunas a color)
_c19 cm.
440 0 _aColección Salvat.
_pTemas clave
_v5
_92652
504 _aBibliografía: p. 64
650 1 4 _aArtistas
_92653
650 1 4 _aArte
_92654
942 _2lcc
_cB
999 _c693
_d693